| 000 | 01225cam a2200325 a 4500 | ||
|---|---|---|---|
| 005 | 20260322212035.0 | ||
| 008 | data | ||
| 010 | _a 2002727089 | ||
| 020 | _a0883631016 | ||
| 020 | _a9780883631010 | ||
| 040 |
_aIGP _cIGP _dDLC _dDLC |
||
| 042 | _apcc | ||
| 043 | _an-us--- | ||
| 050 | 0 | 0 |
_aUA25 _b.A773 2001 |
| 082 | 0 | 0 |
_a355/.00973 _221 |
| 092 | _a355 A773 2001 | ||
| 245 | 0 | 4 |
_aThe Army/ _cedited by Harold W. Nelson & Army Historical Foundation. |
| 260 |
_a[S.l.] : _bHugh Lauter Levin Associates, _a[S.l.] : _bHugh Lauter Levin Associates, _cc2001. |
||
| 300 |
_a352 p. : _bill. (some col.), photos, ports. (some col.) ; _c36 cm. |
||
| 504 | _aIncludes bibliographical references (p. 346) and index. | ||
| 610 | 1 | 0 |
_aUnited States. _bArmy _xHistory. |
| 651 | 0 |
_aUnited States _xHistory, Military. |
|
| 700 | 1 | _aNelson, Harold W. | |
| 710 | 2 | _aArmy Historical Foundation. | |
| 906 |
_a7 _bcbc _ccopycat _d2 _encip _f20 _gy-gencatlg |
||
| 925 | 0 |
_aacquire _b2 shelf copies _xpolicy default |
|
| 955 |
_djg16 2003-06-03 _ejg07 2003-06-04 to Dewey |
||
| 991 |
_br-MRR _hUA25 _i.A773 2001 _tCopy 1 _mAlc _mAlc _wGenBib |
||
| 001 | data | ||
| 999 |
_c813 _d813 |
||